000 00698nam a2200229Ia 4500
003 GCL
008 140319s9999 xx 000 0 ara d
020 _a9049611977
040 _aGCL /
_cGCL
082 0 4 _a813.008
_bا ع
100 1 _aاحسان عبدالقدوس
245 1 0 _aعلى مقهى فى الشارع السياسى :
_bالبحث عن الثورة /
_cاحسان عبدالقدوس
260 _aالقاهرة :
_bمكتبة مصر ،
_c1989
300 _a2مج ؛
_c20 سم
490 _a
650 0 4 _aالادب العربى
650 0 4 _aالقصص العربية
650 0 4 _aمصر
650 0 4 _aالقصيدة
650 0 4 _aالمجموعات
942 _2ddc
_cBK
999 _c57725
_d57725